|
|
|
|
| LEADER |
00000nab a2200000 a 4500 |
| 001 |
vtls000837354 |
| 003 |
SK-MaSNL |
| 005 |
20260303193945.0 |
| 008 |
160322c xo 0 slo |
| 015 |
|
|
|a SNBRB2003/06-16938
|
| 035 |
|
|
|a CLN000189009
|
| 040 |
|
|
|a SNKBUCL
|b slo
|c SNKBUCL
|e AACR2
|
| 041 |
0 |
|
|a slo
|
| 044 |
|
|
|a xo
|c SK
|
| 080 |
|
|
|a 94(437.6)-051"19"
|2 UDC-MRF-SK2
|
| 080 |
|
|
|a 32-051
|2 UDC-MRF-SK2
|
| 080 |
|
|
|a 2-051
|2 UDC-MRF-SK2
|
| 080 |
|
|
|a 929 Tiso, Jozef
|2 UDC-MRF-SK2
|
| 100 |
1 |
|
|a Mathé, Svätoslav,
|d 1943-2018
|4 aut
|9 232342
|
| 245 |
1 |
0 |
|a Jozef Tiso (1887-1947)
|c Svätoslav Mathé
|
| 600 |
1 |
7 |
|a Tiso, Jozef,
|d 1887-1947
|2 snkbucl
|9 109798
|
| 655 |
|
7 |
|a články z novín a časopisov
|2 snkbucl
|9 267496
|
| 773 |
0 |
|
|x 0862-8823
|t Slovenské národné noviny
|g Roč. 14(18), č. 9 (2003), s. 3
|
| 850 |
|
|
|a Slovenská národná knižnica v Martine
|
| 852 |
|
|
|a SNK
|b KIS3GCP
|
| 958 |
|
|
|a BX
|
| 958 |
|
|
|a OS
|
| 999 |
|
|
|c 2154921
|d 2156851
|